[Event "Ambalangoda Dhamso op 8th"]
[Site "Ambalangoda"]
[Date "2018.04.22"]
[Round "7"]
[White "Abeywardena, NT."]
[Black "Sandamith, WM."]
[Result "1-0"]
[WhiteElo "1680"]
[BlackElo "1754"]
[PlyCount "35"]
[EventDate "2018.04.19"]
[EventType "swiss"]
[EventRounds "9"]
[EventCountry "SRI"]
[SourceTitle "CBM 184 Extra"]
[Source "ChessBase"]
[SourceDate "2018.06.28"]
[SourceVersion "1"]
[SourceVersionDate "2018.06.28"]
[SourceQuality "1"]

1. d4 c5 2. d5 e5 3. c4 d6 4. Nc3 f5 5. g3 Nf6 6. Bg2 Be7 7. e3 0-0 8. Nge2 Na6 9. a3 Bd7 10. Bd2 Qe8 11. e4 Qg6 12. f4 fxe4 13. Nxe4 Bf5 14. N4c3 exf4 15. Bxf4 Rae8 16. 0-0 Bd8 17. Re1 Be7 18. Qb3 1-0

[Event "Ambalangoda Dhamso op 8th"]
[Site "Ambalangoda"]
[Date "2018.04.19"]
[Round "2"]
[White "Sandamith, WM."]
[Black "Deshadara, Masachchi Sineth"]
[Result "1-0"]
[WhiteElo "1754"]
[BlackElo "1161"]
[PlyCount "51"]
[EventDate "2018.04.19"]
[EventType "swiss"]
[EventRounds "9"]
[EventCountry "SRI"]
[SourceTitle "CBM 184 Extra"]
[Source "ChessBase"]
[SourceDate "2018.06.28"]
[SourceVersion "1"]
[SourceVersionDate "2018.06.28"]
[SourceQuality "1"]

1. d4 d5 2. c4 e6 3. Nf3 Nf6 4. g3 c5 5. cxd5 exd5 6. Bg2 c4 7. 0-0 Be7 8. Nc3 0-0 9. b3 Nc6 10. bxc4 dxc4 11. a3 Be6 12. e4 Bg4 13. Be3 Qa5 14. Qc2 Qh5 15. Nd2 Be2 16. Nxe2 Qxe2 17. Rfe1 Qd3 18. Qxc4 Qxc4 19. Nxc4 h6 20. d5 Nb8 21. e5 Ng4 22. d6 Nxe3 23. dxe7 Re8 24. Rxe3 Rxe7 25. Rb1 Rc7 26. Bxb7 1-0

[Event "SRI-chB"]
[Site "Colombo"]
[Date "2018.03.03"]
[Round "5"]
[White "Kavinda, Akila"]
[Black "Sandamith, WM."]
[Result "1-0"]
[WhiteElo "2008"]
[BlackElo "1758"]
[PlyCount "77"]
[EventDate "2018.03.01"]
[EventType "swiss"]
[EventRounds "10"]
[EventCountry "SRI"]
[SourceTitle "EXT 2019"]
[Source "ChessBase"]
[SourceDate "2018.10.10"]
[SourceVersion "1"]
[SourceVersionDate "2018.10.10"]
[SourceQuality "1"]

1. Nf3 c5 2. e3 g6 3. d4 cxd4 4. exd4 Bg7 5. Bd3 Nc6 6. c3 Nf6 7. 0-0 0-0 8. Nbd2 d6 9. Nc4 Qc7 10. Re1 Re8 11. Bg5 Nd5 12. Bh4 Bg4 13. h3 Bxf3 14. Qxf3 Nb6 15. Nxb6 Qxb6 16. Qe2 e5 17. d5 Ne7 18. Bb5 Nf5 19. Bxe8 Nxh4 20. Ba4 Qd8 21. Bc2 Kh8 22. a4 Qf6 23. a5 Nf5 24. Ra4 Ne7 25. Bb3 g5 26. Bc2 Qh6 27. Qf3 Rf8 28. Bf5 Qf6 29. Be4 Qh6 30. Bf5 Qf6 31. g4 Ng6 32. Rb4 Nh4 33. Qe4 Rb8 34. a6 b6 35. Rc4 Qe7 36. Rc6 h6 37. b4 Bf8 38. c4 Kg7 39. Re3 1-0

[Event "SRI-chB"]
[Site "Colombo"]
[Date "2018.03.01"]
[Round "2"]
[White "Weerawardane, Romesh"]
[Black "Sandamith, WM."]
[Result "1-0"]
[WhiteElo "2096"]
[BlackElo "1758"]
[PlyCount "65"]
[EventDate "2018.03.01"]
[EventType "swiss"]
[EventRounds "10"]
[EventCountry "SRI"]
[SourceTitle "EXT 2019"]
[Source "ChessBase"]
[SourceDate "2018.10.10"]
[SourceVersion "1"]
[SourceVersionDate "2018.10.10"]
[SourceQuality "1"]

1. e4 c5 2. Nf3 g6 3. d4 cxd4 4. Nxd4 Bg7 5. Nc3 Nc6 6. Be3 Nf6 7. Bc4 Ng4 8. Nxc6 dxc6 9. Qxd8+ Kxd8 10. Bg5 h6 11. Bh4 Ke8 12. h3 Bxc3+ 13. bxc3 Nf6 14. f3 Nh5 15. Bf2 e5 16. Bc5 Rh7 17. Kf2 Nf4 18. h4 Be6 19. Bf1 b6 20. Be3 Rd8 21. a4 f5 22. g3 Nh5 23. exf5 gxf5 24. Bd3 Nf6 25. Rhe1 Kf8 26. a5 e4 27. Bd4 Rf7 28. axb6 axb6 29. Bxb6 Rdd7 30. Bc5+ Kg8 31. Kg1 exd3 32. cxd3 Rc7 33. Rac1 1-0

[Event "Ambalangoda Dhamso op 3rd"]
[Site "Ambalangoda"]
[Date "2013.02.22"]
[Round "4"]
[White "Sandamith, WM."]
[Black "Rajadharshini, M."]
[Result "0-1"]
[WhiteElo "1772"]
[BlackElo "2039"]
[PlyCount "81"]
[EventDate "2013.02.21"]
[EventType "swiss"]
[EventRounds "9"]
[EventCountry "SRI"]
[SourceTitle "CBM 153 Extra"]
[Source "ChessBase"]
[SourceDate "2013.04.22"]
[SourceVersion "1"]
[SourceVersionDate "2013.04.22"]
[SourceQuality "1"]

1. d4 Nf6 2. c4 e6 3. g3 Bb4+ 4. Nc3 d5 5. Bg2 c6 6. Nf3 0-0 7. 0-0 Bxc3 8. bxc3 Ne4 9. Qc2 f5 10. cxd5 exd5 11. c4 dxc4 12. Qxc4+ Qd5 13. Qd3 Nd7 14. Ng5 Ndf6 15. f3 Nxg5 16. Bxg5 h6 17. Bxf6 Rxf6 18. e4 fxe4 19. fxe4 Rxf1+ 20. Rxf1 Qxa2 21. d5 Bg4 22. Qd4 Rf8 23. e5 Be2 24. Rxf8+ Kxf8 25. dxc6 bxc6 26. Qd6+ Kf7 27. Qd7+ Kf8 28. e6 Qb1+ 29. Kf2 Qf5+ 30. Kxe2 Qe5+ 31. Kd3 Qb5+ 32. Ke4 Qe2+ 33. Kd4 Qf2+ 34. Ke5 Qc5+ 35. Bd5 Qxd5+ 36. Qxd5 cxd5 37. Kxd5 Ke7 38. Kc6 Kxe6 39. Kb5 Kf5 40. h3 Ke4 41. Ka6 0-1

[Event "Ambalangoda Dhamso op 2nd"]
[Site "Ambalangoda"]
[Date "2012.04.21"]
[Round "6"]
[White "Sandamith, WM."]
[Black "De Silva, Elath Mathanga"]
[Result "1-0"]
[WhiteElo "1780"]
[BlackElo "1946"]
[PlyCount "105"]
[EventDate "2012.04.19"]
[EventType "swiss"]
[EventRounds "9"]
[EventCountry "SRI"]
[SourceTitle "CBM 148 Extra"]
[Source "ChessBase"]
[SourceDate "2012.06.22"]
[SourceVersion "1"]
[SourceVersionDate "2012.06.22"]
[SourceQuality "1"]

1. d4 Nf6 2. c4 c5 3. Nf3 e6 4. g3 b6 5. Bg2 Bb7 6. Nc3 Be7 7. 0-0 cxd4 8. Qxd4 d6 9. b3 a6 10. Bb2 Nbd7 11. Rad1 Qc7 12. Rfe1 0-0 13. h3 Rfd8 14. e4 Rac8 15. Qe3 Bf8 16. Nd4 Re8 17. Kh2 Ne5 18. Kh1 Ng6 19. f4 h5 20. Qf2 h4 21. g4 e5 22. fxe5 dxe5 23. Nf5 Bc5 24. Qf3 Nh7 25. Bc1 Nf4 26. Nd5 Bxd5 27. exd5 Ng5 28. Qf1 Rcd8 29. d6 Bxd6 30. Nxd6 Rxd6 31. Rxd6 Nxg2 32. Qxg2 Qxd6 33. Bxg5 e4 34. Rxe4 Rxe4 35. Qxe4 Qa3 36. Qe3 Qd6 37. Bxh4 Qc6+ 38. Kh2 a5 39. Bg3 a4 40. bxa4 Qxa4 41. Qe2 Qc6 42. h4 Qd7 43. h5 Qc8 44. g5 Qf5 45. Qe8+ Kh7 46. g6+ Kh6 47. gxf7 Qc2+ 48. Kg1 Qd1+ 49. Kf2 Qd2+ 50. Kg1 Qd1+ 51. Qe1 Qd4+ 52. Qf2 Qd1+ 53. Kg2 1-0

[Event "Ambalangoda Dhamso op 2nd"]
[Site "Ambalangoda"]
[Date "2012.04.20"]
[Round "4"]
[White "Sandamith, WM."]
[Black "Wijekoon, Chandana"]
[Result "0-1"]
[WhiteElo "1780"]
[BlackElo "1997"]
[PlyCount "70"]
[EventDate "2012.04.19"]
[EventType "swiss"]
[EventRounds "9"]
[EventCountry "SRI"]
[SourceTitle "CBM 148 Extra"]
[Source "ChessBase"]
[SourceDate "2012.06.22"]
[SourceVersion "1"]
[SourceVersionDate "2012.06.22"]
[SourceQuality "1"]

1. d4 Nf6 2. c4 c5 3. Nf3 cxd4 4. Nxd4 b6 5. g3 Bb7 6. Nf3 e6 7. Bg2 Be7 8. 0-0 0-0 9. Nc3 d6 10. Re1 Qc7 11. b3 a6 12. Bb2 Nbd7 13. e4 Rac8 14. Qe2 Rfd8 15. Nd4 Bf8 16. f4 e5 17. Nc2 exf4 18. gxf4 Re8 19. Qd1 Nc5 20. Nd5 Bxd5 21. exd5 Rxe1+ 22. Nxe1 Qe7 23. Qd4 Re8 24. Bf3 a5 25. Ng2 Qd7 26. Rf1 Ng4 27. Re1 Rxe1+ 28. Nxe1 Qf5 29. Bxg4 Qxg4+ 30. Ng2 Qe2 31. h4 h5 32. Kh1 Ne4 33. Kg1 Nd2 34. Qe3 Nf3+ 35. Kh1 Qf1+ 0-1

[Event "Ambalangoda Dhamso op 1st"]
[Site "Ambalangoda"]
[Date "2011.04.22"]
[Round "3"]
[White "Edirisinghe, Dulan"]
[Black "Sandamith, WM."]
[Result "1-0"]
[WhiteElo "2071"]
[BlackElo "1696"]
[PlyCount "89"]
[EventDate "2011.04.21"]
[EventType "swiss"]
[EventRounds "9"]
[EventCountry "SRI"]
[SourceTitle "CBM 142 Extra"]
[Source "ChessBase"]
[SourceDate "2011.06.27"]
[SourceVersion "1"]
[SourceVersionDate "2011.06.27"]
[SourceQuality "1"]

1. d4 Nf6 2. c4 c5 3. Nf3 cxd4 4. Nxd4 Nc6 5. Nc3 g6 6. e4 d6 7. Be2 h5 8. f3 Bg7 9. Be3 Bd7 10. Qd2 Rc8 11. 0-0 h4 12. Rac1 Nh5 13. Nd5 Nf6 14. Nb5 Kf8 15. Nxa7 Nxa7 16. Bxa7 Nxd5 17. cxd5 Ra8 18. Bd4 Rxa2 19. Bxg7+ Kxg7 20. Qd4+ f6 21. f4 Qb8 22. e5 Ra4 23. exf6+ exf6 24. Qb6 Rc8 25. Rxc8 Qxc8 26. Qxd6 Re4 27. Bf3 Re3 28. Qb4 h3 29. Qd2 Qc5 30. Kh1 hxg2+ 31. Bxg2 Bh3 32. Bxh3 Rxh3 33. d6 Qc6+ 34. Kg1 Rh5 35. d7 Qb6+ 36. Kg2 Rh8 37. Rc1 Rd8 38. Rc8 Kf7 39. Rxd8 Qxd8 40. Qd5+ Ke7 41. Qxb7 g5 42. fxg5 fxg5 43. Qc8 Qxd7 44. Qxd7+ Kxd7 45. Kf3 1-0